Reformasi pentadbiran di Malaysia
| Main Author: | |
|---|---|
| Format: | Book |
| Published: |
Kuala Lumpur :
Utusan Pub. & Dist. ,
1998
|
| Subjects: |
MARC
| LEADER | 00000cam a2200000 7i4500 | ||
|---|---|---|---|
| 001 | 0000001164 | ||
| 005 | 20140116.0 | ||
| 020 | 0 | 0 | |a 9676108723 |
| 090 | 0 | 0 | |a 351.595 |b AHM 1998 |
| 100 | 0 | 0 | |a AHMAD Atory Hussain |
| 245 | 1 | 0 | |a Reformasi pentadbiran di Malaysia |c Ahmad Atory Hussain |
| 260 | 0 | 0 | |a Kuala Lumpur : |b Utusan Pub. & Dist. , |c 1998 |
| 300 | |a 439 p. ; |c 22 cm. | ||
| 500 | 0 | 0 | |a Bibliography : [p. 424-439] |
| 650 | 0 | 0 | |a Public administration |z Malaysia |
| 998 | |a JPSM | ||
| 999 | |a 0000002109 |b Monograph |c Open Shelf |e Default branch | ||